Metódy metafyziky a prírodných vied - o ich podobnostiach a odlišnostiach

Vzťah medzi metódami a priori a a posteriori analyzovaný v rámci aristotelského esencializmu. Príspevok skúma aj výhody aristotelovského esencializmu porovnávajúce ho s teóriou zväzkov a teóriou holých podrobností.

Salvato in:
Dettagli Bibliografici
Autore principale: Volek, Peter
Natura: Capitolo di libro
Lingua:slovacco
Soggetti:
Tags: Aggiungi Tag
Nessun Tag, puoi essere il primo ad aggiungerne!!

MARC

LEADER 00000naa a2200000 4500
001 0245459
005 20180612141217.8
041 0 |a slo 
044 |a SK 
245 1 0 |a Metódy metafyziky a prírodných vied - o ich podobnostiach a odlišnostiach  |c Peter Volek 
520 |a Vzťah medzi metódami a priori a a posteriori analyzovaný v rámci aristotelského esencializmu. Príspevok skúma aj výhody aristotelovského esencializmu porovnávajúce ho s teóriou zväzkov a teóriou holých podrobností. 
610 2 0 |a vedy prírodné 
610 2 0 |a filozofia 
610 2 0 |a veda 
610 2 0 |a teórie sociologické 
610 2 0 |a vzťahy medziodborové 
100 1 |a Volek, Peter